000 00614nam a2200241Ia 4500
003 OSt
005 20221007075632.0
006 a|||||r|||| 00| 0
007 ta
008 221006b |||||||| |||| 00| 0 eng d
024 _a14,246
037 _cTextual
040 _aFLL
_cFLL
_beng
041 _2eng
_aeng
082 _aX:517:Z2, M1.1
100 _aMittal B.B.L. Co.
245 0 _aMRTP act,1969
260 _aNew Delhi
_bMinistry of Law India
_c1981
300 _a616p
_ccm.
490 _vVol.1
942 _hX:517:Z2, M1.1
_cTEXL
_2CC
999 _c1156818
_d1156818